Spell the Marvel Character #337 - Statistics

General Stats
  • This quiz has been taken 13 times
  • The average score is 9 of 11
Answer Stats
Picture Answer % Correct
Iron Man
100%
Captain Marvel
92%
Nick Fury
92%
Nightcrawler
92%
Wasp
92%
Rogue
85%
America Chavez
77%
Wind Dancer
77%
Doc Samson
69%
Emma Frost
69%
Doorman
46%
No matching quizzes found
Score Distribution
Percent of People with Each Score
Percentile by Number Answered
Your Score History
You have not taken this quiz